2016 Chicago - Ireland beat the All Blacks at Rugby for the 1st time - Statistics

General Stats
  • This quiz has been taken 213 times
  • The average score is 10 of 15
Answer Stats
Position Player % Correct
10 Jonathan Sexton
94%
9 Conor Murray
92%
2 Rory Best
89%
15 Robert Kearney
78%
3 Tadhg Furlong
75%
12 Robert Henshaw
72%
8 Jamie Heaslip
71%
6 C.J Stander
66%
5 Devin Toner
65%
11 Simon Zebo
62%
4 Donnacha Ryan
54%
1 Jack McGrath
48%
13 Jared Payne
45%
14 Andrew Trimble
44%
7 Jordi Murphy
34%
No matching quizzes found
Score Distribution
Percent of People with Each Score
Percentile by Number Answered
Your Score History
You have not taken this quiz